Chipko message (Record no. 1455129)

MARC details
000 -LEADER
fixed length control field 00485nam a2200193Ia 4500
005 - DATE AND TIME OF LATEST TRANSACTION
control field 20250923145738.0
008 - FIXED-LENGTH DATA ELEMENTS--GENERAL INFORMATION
fixed length control field 008 250917s9999 xx 000 0 eng d
037 ## - SOURCE OF ACQUISITION
Stock number Textual
040 ## - CATALOGING SOURCE
Original cataloging agency DSWL
Language of cataloging eng
Transcribing agency DSWL
041 ## - LANGUAGE CODE
Language code of text/sound track or separate title eng
Source of code eng
084 ## - COLON CLASSIFICATION NUMBER
Assigning agency DSWL
245 #0 - TITLE STATEMENT
Title Chipko message
Statement of responsibility, etc. by Chipko Information Centre
260 ## - PUBLICATION, DISTRIBUTION, ETC.
Place of publication, distribution, etc. India
Name of publisher, distributor, etc. Chipko Information Centre
Date of publication, distribution, etc. 1984
300 ## - PHYSICAL DESCRIPTION
Extent 37p.
365 ## - TRADE PRICE
Price type code INR
Price amount 3.00
925 ## -
-- 3.00
942 ## - ADDED ENTRY ELEMENTS (KOHA)
Koha item type Textual
Holdings
Withdrawn status Lost status Damaged status Not for loan Home library Current library Date acquired Source of acquisition Inventory number Total Checkouts Barcode Date last seen Price effective from Koha item type
        Department of Social Work Library Department of Social Work Library 2025-09-23 Gandhi Book Department 153/25.10.86   SW0022890 2025-09-23 2025-09-23 Textual
Copyright @ Delhi University Library System